000 00729nam a2200241 a 4500
001 61575
003 BD-RjUL
005 20211209080959.0
008 170119s2003 enka 000 0 eng d
020 _a0415286328 (hbk.)
020 _a0415286336 (pbk.)
035 _a(BD-RjUL)61699
040 _aBDS
_beng
_cBD-RjUL
_dBD-RjUL
041 _aeng
082 0 _a820.9
_223
_bBEL 2003
100 1 _aBeard, Adrian,
_d1951-
_9183463
245 1 4 _aThe language of literature /
_cAdrian Beard.
260 _aLondon :
_bRoutledge,
_cc2003.
300 _aix, 90 p. :
_bill. ;
_c26 cm.
650 0 _aEnglish literature
_xHistory and criticism
_xTheory, etc.
_9183464
830 0 _aRoutledge A level English guides
_9183465
942 _2ddc
_cBK
999 _c61575
_d61575